Les 15 Plus Grands Ports Mondiaux - Statistiques

Statistiques générales
  • Ce quiz a été pris 134 fois
  • Le résultat moyen est 7 sur 15
Réponses sur la Carte
Les réponses sont colorées sur une échelle allant du rouge au vert en fonction du pourcentage des utilisateurs qui les ont devinées à leur premier essai. Vous pouvez retrouver ces pourcentages ci-dessous.
 
Statistiques - réponses
Réponse % Correct
Rotterdam
88%
Jebel Ali
76%
Singapour
70%
Antwerp
63%
Hong Kong
57%
Shanghai
55%
Busan
54%
Qingdao
42%
Kaohsiung
37%
Xiamen
37%
Guangzhou
36%
Ningbo‑Zhoushan
34%
Port Klang
34%
Tianjin
31%
Shenzhen
25%
Aucun quiz correspondant
Distribution des résultats
% des personnes avec chaque résultat
Percentile par nombre de réponses
Votre historique - résultats
Vous n’avez pas pris ce quiz